000 01394nam a22002297a 4500
999 _c62908
_d62908
003 Ge_BSU
005 20250319121625.0
008 250319s1998 ge ||||| |||| 00| 0 geo d
020 _a9992828617
041 _ageo
080 _a616.1/4(075.8) შ-66
245 _aშინაგანი სნეულებები :
_b [სახელმძღვ. სამედ. უნ-ტისა და სამედ. ინ-ტების სტუდ. /
_cავტ.: ნ. ტატიშვილი, გ. სიმონია, ი. ანდრონიკაშვილი და სხვ.]; მთ. რედ.: ნ. ტატიშვილი, რედ.: გ. სიმონია; საქ. ჯანმრთ. დაცვის სამინ., თბილ. სახელმწ. სამედ. უნ-ტი.
250 _a[პირველი გამოცემა]
264 _aთბ. :
_bსაქართველოს მაცნე,
_c1998.
300 _a785 გვ.:
_bილ.;
_c29 სმ.
504 _aბიბლიოგრ. გვ.763
653 _aშინაგანი დაავადებები
653 _aმედიცინა
700 _aტატიშვილი, ნ.
_eრედაქტორი
_93231
700 _aსიმონია, გ.
_eრედაქტორი
_93229
942 _2udc
_cᲬᲘᲒᲜᲘ